Management / (Record no. 191106)
[ view plain ]
| 000 -LEADER | |
|---|---|
| fixed length control field | 01070cam a22003137i 4500 |
| 001 - CONTROL NUMBER | |
| control field | 99115952243004341 |
| 003 - CONTROL NUMBER IDENTIFIER | |
| control field | MY-SjTCS |
| 005 - DATE AND TIME OF LATEST TRANSACTION | |
| control field | 20251212124929.0 |
| 008 - FIXED-LENGTH DATA ELEMENTS--GENERAL INFORMATION | |
| fixed length control field | 200122t20252025enka b 001 0 eng d |
| 020 ## - INTERNATIONAL STANDARD BOOK NUMBER | |
| International Standard Book Number | 9781292462691 |
| Qualifying information | paperback |
| 020 ## - INTERNATIONAL STANDARD BOOK NUMBER | |
| International Standard Book Number | 1292462698 |
| Qualifying information | paperback |
| 040 ## - CATALOGING SOURCE | |
| Original cataloging agency | YDX |
| Language of cataloging | eng |
| Description conventions | rda |
| Transcribing agency | YDX |
| Modifying agency | CHVBK |
| -- | OCLCO |
| -- | OCLCQ |
| -- | YDXIT |
| -- | NLE |
| -- | MY-SjTCS |
| 082 04 - DEWEY DECIMAL CLASSIFICATION NUMBER | |
| Classification number | 658 |
| Item number | ROB 2025 |
| 100 1# - MAIN ENTRY--PERSONAL NAME | |
| Personal name | Robbins, Stephen P., |
| Dates associated with a name | 1943- |
| Relator term | author. |
| 9 (RLIN) | 661 |
| 245 10 - TITLE STATEMENT | |
| Title | Management / |
| Statement of responsibility, etc. | Stephen P. Robbins, Mary Coulter, Lori K. Long. |
| 250 ## - EDITION STATEMENT | |
| Edition statement | Sixteeth edition. |
| 250 ## - EDITION STATEMENT | |
| Edition statement | Global edition. |
| 264 #1 - PRODUCTION, PUBLICATION, DISTRIBUTION, MANUFACTURE, AND COPYRIGHT NOTICE | |
| Place of production, publication, distribution, manufacture | Harlow, Essex : |
| Name of producer, publisher, distributor, manufacturer | Pearson Education Limited, |
| Date of production, publication, distribution, manufacture, or copyright notice | [2025] |
| 264 #4 - PRODUCTION, PUBLICATION, DISTRIBUTION, MANUFACTURE, AND COPYRIGHT NOTICE | |
| Date of production, publication, distribution, manufacture, or copyright notice | ©2025 |
| 300 ## - PHYSICAL DESCRIPTION | |
| Extent | 559 pages : |
| Other physical details | color illustrations ; |
| Dimensions | 28 cm |
| 336 ## - CONTENT TYPE | |
| Content type term | text |
| Source | rdacontent |
| 337 ## - MEDIA TYPE | |
| Media type term | unmediated |
| Source | rdamedia |
| 338 ## - CARRIER TYPE | |
| Carrier type term | volume |
| Source | rdacarrier |
| 504 ## - BIBLIOGRAPHY, ETC. NOTE | |
| Bibliography, etc. note | Includes bibliographical references and indexes. |
| 650 #0 - SUBJECT ADDED ENTRY--TOPICAL TERM | |
| Topical term or geographic name entry element | Management. |
| 9 (RLIN) | 201697 |
| 700 1# - ADDED ENTRY--PERSONAL NAME | |
| Personal name | Coulter, Mary K., |
| Relator term | author. |
| 9 (RLIN) | 12619 |
| 700 1# - ADDED ENTRY--PERSONAL NAME | |
| Personal name | Long, Lori K., |
| Relator term | author. |
| 9 (RLIN) | 308818 |
| 920 ## - Programme | |
| Programme | SOPU : 339805, 339806 |
| Withdrawn status | Lost status | Source of classification or shelving scheme | Damaged status | Not for loan | Home library | Current library | Date acquired | Source of acquisition | Cost, normal purchase price | Inventory number | Total Checkouts | Barcode | Date last seen | Cost, replacement price | Price effective from | Koha item type | Public note |
|---|---|---|---|---|---|---|---|---|---|---|---|---|---|---|---|---|---|
| Dewey Decimal Classification | Taylor's Library-TC | Taylor's Library-TC | 21/11/2025 | 42 | 179.85 | 700000445 | 5000176554 | 21/11/2025 | 179.85 | 21/11/2025 | Main Collection | SOPUx,82002,03,RM | |||||
| Dewey Decimal Classification | Taylor's Library-TC | Taylor's Library-TC | 21/11/2025 | 42 | 179.85 | 700000445 | 5000176553 | 21/11/2025 | 179.85 | 21/11/2025 | Reserve Collection | SOPUx,82002,03,RM |